00477nam a2200157Ia 4500008004100000100002200041245009600063260001200159260001100171260000900182300000700191650001800198942000900216999001500225952007900240160118s9999 xx 000 0 und d aKulathunga,H.W.U. aBioactivity of Volatile Extract of Brazillian Button Flower (Centratherum Punctatum) Leaves aColombo bIchemc c2011 a55 aButton Flower cbook c3048d3048 0010708NFICaICbICcGENd2016-01-18l0pD0121r2016-01-18 00:00:00yDIS